LEADER 01924nam 2200385Ia 450 001 996396519603316 005 20221108083004.0 035 $a(CKB)4330000000353863 035 $a(EEBO)2240867279 035 $a(OCoLC)16143494 035 $a(EXLCZ)994330000000353863 100 $a19870708d1662 uy | 101 0 $aeng 135 $aurbn||||a|bb| 200 10$aWe the Lord Lieutenant and Council considering the duty incumbent on us to give a right representation of His Majesties great care of, and indulgence to, his people, and to make the execution of the laws as easie and safe to his subjects, as the exegencie of the times and necessity of affairs may possibly admit ..$b[electronic resource] /$fby the Lord Lieutenant and Co 210 $aDublin $cPrinted by John Crook ... and are to be sold by Samuel Dancer book-seller ...$d1662 215 $a1 broadside 300 $aTitle from first 5 lines of text. 300 $aStatement of responsibility transposed from head of title. 300 $a"Given at His Majesties castle of Dublin, the thirteenth day of December, 1662." 300 $aReproduction of original in the Society of Antiquaries Library, London. 330 $aeebo-0147 606 $aTaxation$zIreland 607 $aIreland$xHistory$y1649-1775 607 $aIreland$xPolitics and government$y17th century 615 0$aTaxation 701 $aOrmonde$b James Butler$cDuke of,$f1610-1688.$01001840 801 0$bEAE 801 1$bEAE 801 2$bUMI 801 2$bWaOLN 906 $aBOOK 912 $a996396519603316 996 $aWe the Lord Lieutenant and Council considering the duty incumbent on us to give a right representation of His Majesties great care of, and indulgence to, his people, and to make the execution of the laws as easie and safe to his subjects, as the exegencie of the times and necessity of affairs may possibly admit .$92338963 997 $aUNISA LEADER 01612oam 2200421 a 450 001 9910698429203321 005 20230902162115.0 035 $a(CKB)3460000000105407 035 $a(OCoLC)611514814 035 $a(EXLCZ)993460000000105407 100 $a20100505d2010 ua 0 101 0 $aeng 135 $aurbn||||||||| 181 $ctxt$2rdacontent 182 $cc$2rdamedia 183 $acr$2rdacarrier 200 10$aAviation safety$b[electronic resource] $eFAA's role in the oversight of commercial air carriers : hearing before the Subcommittee on Aviation Operations, Safety, and Security of the Committee on Commerce, Science, and Transportation, United States Senate, One Hundred Eleventh Congress, first session, June 10, 2009 210 1$aWashington :$cU.S. G.P.O.,$d2010. 215 $a1 online resource (iii, 81 pages) $cillustrations 225 1 $aS. hrg. ;$v111-342 300 $aTitle from title screen (viewed on May 4, 2010). 320 $aIncludes bibliographical references. 517 $aAviation safety 606 $aAeronautics$zUnited States$xSafety measures 606 $aLocal service airlines$zUnited States$xSafety measures 606 $aAir pilots$xTraining$zUnited States 606 $aFatigue$zUnited States$xManagement 615 0$aAeronautics$xSafety measures. 615 0$aLocal service airlines$xSafety measures. 615 0$aAir pilots$xTraining 615 0$aFatigue$xManagement. 801 0$bGPO 801 1$bGPO 801 2$bGPO 906 $aBOOK 912 $a9910698429203321 996 $aAviation safety$92313029 997 $aUNINA